000 00428nam a2200157 a 4500
001 6172
005 20180713190024.0
008 140415s1986 000 0 spa d
041 _aspa
082 _a636.5
_bAVI
245 0 0 _aAVICULTURA PRACTICA :
_bPOR EL EQUIPO TECNICO DE POULTRY WORLD
260 _a[s.l.] :
_bCECSA,
_c1986
300 _a211
650 1 4 _aAVICULTURA
700 1 _aLOMA, JOSE LUIS DE LA
_etr.
999 _c6172
_d6172